Movies Quiz

Random Movies or Year Quiz

Movies of 2012 Quiz Stats

 Plays Quiz Updated Oct 15, 2019

Score 0/20 Timer 07:00
261 Plays Today
Picture Movie % Correct
6Ted
97.1%
10Life of Pi
91.6%
5The Avengers
91.4%
1Lincoln
89.2%
13The Hobbit: An Unexpected Journey
88.9%
16The Hunger Games
87.7%
18Brave
86.2%
15Wreck-It Ralph
81.8%
821 Jump Street
80.5%
4The Lorax
74.2%
Picture Movie % Correct
2Django Unchained
72.4%
7Skyfall
72.4%
20The Dark Knight Rises
71.6%
3Silver Linings Playbook
69.8%
9Argo
64.3%
12Flight
54%
11Zero Dark Thirty
41%
17The Grey
39%
14Prometheus
36.6%
19Beasts of the Southern Wild
16.2%

You're not logged in!

Compare scores with friends on all Sporcle quizzes.
OR
Log In

Sporcle TV

Today on Sporcle TV


Watch our educational content, quiz creation guides, and fun videos on Sporcle TV.

Show Comments

Extras

Top Quizzes Today


Score Distribution

Your Account Isn't Verified!

In order to create a playlist on Sporcle, you need to verify the email address you used during registration. Go to your Sporcle Settings to finish the process.

Report this User

Report this user for behavior that violates our Community Guidelines.

Details: